000 00827nam a2200217Ia 4500
999 _c39895
_d39895
001 6500
003 GE_BSU
005 20191009171109.0
008 181216s19 ||||ge |||||||||||||| ||geo||
040 _cGE_BSU
041 _ageo
080 _a821.353.1-31 ბ-45
100 _aბელიაშვილი, აკაკი
_94491
245 _aოქროს ჩარდახი :
_bრომანი /
_cაკაკი ბელიაშვილი ; რედ. ლ. ხოშტარია.
264 _aთბილისი :
_bსაბჭ.საქართველო ;
_c1962.
300 _a350 გვ. ;
_c22 სმ.
653 _aოქროს ჩარდახი
653 _aრომანი
700 _aხოშტარია, ლ.
_eრედაქტორი
_94661
942 _cBK
_2udc